Clueless #13 - Statistics

General Stats
  • This quiz has been taken 829 times
    646 since last reset
  • The average score is 106 of 274
Answer Stats
Word % Correct
      I've      
96%
       I        
96%
       me       
96%
       my       
96%
       a        
95%
       an       
95%
      The       
94%
      the      
94%
      The      
94%
      THE      
94%
      He's      
90%
      are      
86%
       is       
86%
      was.      
86%
      were      
86%
      into      
85%
     gonna      
84%
      it's      
83%
      him.      
81%
       he       
81%
       He       
81%
     We've      
81%
    they're    
81%
       be       
80%
     don't      
79%
       to       
79%
       on       
78%
       we       
76%
       We       
76%
      our      
76%
      and      
75%
      And      
75%
      AND      
75%
       go       
75%
     does.      
73%
      did      
73%
      em.      
73%
       do       
73%
       in       
72%
      them      
72%
      they      
72%
      They      
72%
     their      
72%
     20...      
70%
      30,      
70%
      4th      
70%
      it!      
70%
      it.      
70%
       13       
70%
       15       
70%
       17       
70%
       25       
70%
       it       
70%
       It       
70%
       no       
70%
      one      
70%
     one...     
70%
      You      
69%
       of       
68%
     of....     
68%
     of...      
68%
     won't      
68%
    couldn't    
67%
      had      
63%
      has      
63%
      have      
63%
      HAVE      
63%
      for      
61%
      that      
59%
      what      
58%
      What      
58%
      not      
57%
      not,      
57%
      who      
57%
     There      
55%
      can      
54%
       If       
54%
      see      
54%
      seen      
54%
      will      
51%
      Will      
51%
    anything    
48%
      all      
48%
     could      
47%
      get      
47%
      got      
47%
       at       
47%
      win      
47%
      won      
47%
      won.      
47%
     WON!!!     
47%
     would      
47%
   football!    
46%
     ball,      
46%
     ball.      
46%
      ball      
46%
      Ball      
46%
      down      
45%
      but      
44%
      ran      
44%
       as       
43%
       up       
43%
      Game      
42%
     game.      
42%
      game      
42%
      Game      
42%
      out      
42%
      out.      
42%
     life!      
41%
       or       
41%
      took      
41%
      from      
40%
     never,     
40%
     never      
40%
      Play      
39%
      end      
39%
      ever      
39%
      like      
39%
      play      
39%
      some      
39%
    unlikely    
39%
  sideline...  
39%
      over      
38%
   California   
37%
      know      
37%
     line,      
36%
      Cal.      
36%
      God,      
36%
       Oh       
36%
      Oh,      
36%
      with      
36%
   midfield,    
35%
    anybody    
35%
    FIELD!!!    
35%
    field!!    
35%
     field.     
35%
     field      
35%
      made      
35%
       by       
35%
      says      
35%
      way      
35%
      any      
34%
    BEARS!!!    
33%
     Bears'     
33%
     Bears,     
33%
     Bears      
33%
     BEARS      
33%
      yard      
33%
     right      
33%
     here,      
32%
      give      
32%
      here      
32%
      now      
32%
      team      
32%
     comes      
31%
     couple     
31%
      come      
31%
     goal.      
30%
      left      
30%
   kick-off.    
29%
    kick-off    
29%
      back      
29%
    Stanford    
29%
   Stanford,    
29%
   Stanford.    
29%
     heard      
28%
      may      
28%
     zone!!     
28%
     zone.      
28%
    scored,    
28%
    zone!!!    
28%
   everybody    
27%
   Everybody    
27%
   laterals.    
27%
      Big      
25%
      just      
25%
      cost      
24%
      Joe       
23%
     count.     
23%
     count?     
23%
    history    
22%
     Harmon     
22%
      Ford      
22%
      Moen      
22%
      most      
22%
     Rogers     
22%
    Rogers.    
22%
   Starkey's    
21%
    another    
21%
     Glenn      
21%
     Kevin      
21%
      let      
21%
      try      
21%
     place.     
21%
     tried      
21%
    Shapiro,    
21%
      own      
20%
     point!     
20%
     about      
19%
   defenders    
17%
     After      
17%
     away.      
17%
      held      
17%
      Hold      
17%
      yet.      
17%
     tackle     
17%
    tackled    
17%
     Call,      
16%
    believe    
16%
    finally    
16%
      Wait      
16%
    although    
15%
    college    
14%
    happens;    
14%
     band,      
13%
     bands      
13%
     flags      
13%
      band      
13%
    against    
12%
     around     
12%
     show.      
12%
     still      
12%
    problem    
12%
    through    
12%
     choice     
11%
     extra      
11%
      card      
11%
      far      
11%
    penalty    
11%
    whether    
11%
    amazing,    
10%
    bounds.    
10%
    credit:    
10%
     bounds     
10%
     finish     
10%
      set      
10%
     loose      
9%
     saved      
9%
     truth.     
9%
 heart-rending, 
8%
   exciting,    
8%
    decision    
8%
     excuse     
8%
   blockers.    
7%
     enough     
7%
     nobody     
7%
    official    
7%
    Alright    
6%
    illegal    
6%
     face,      
6%
      deep      
6%
     pulled     
6%
     sorts      
6%
    carrying    
5%
    members    
5%
     along      
5%
    trouble    
5%
   impossible   
4%
     defeat     
4%
     voice,     
4%
    probably    
4%
    staring    
4%
    handled    
3%
    milling    
3%
     squib      
3%
   thrilling    
3%
   traumatic,   
3%
  sensational,  
3%
    effect,    
2%
     Fools!     
2%
     served     
2%
    recovery    
2%
   situation    
2%
 statistician,  
1%
No matching quizzes found
Score Distribution
Percent of People with Each Score
Percentile by Number Answered
Your Score History
You have not taken this quiz since the last reset